Harley Quinn Series Characters by Picture - Statistics

General Stats
  • This quiz has been taken 46 times
  • The average score is 14 of 20
Answer Stats
Picture Answer % Correct
Harley Quinn
100%
Batman
95%
The Joker
95%
Poison Ivy
93%
Robin
93%
Catwoman
90%
Batgirl
88%
Bane
76%
Nightwing
76%
King Shark
73%
Alfred
68%
Clayface
68%
Lex Luthor
66%
Jim Gordon
61%
Kite Man
61%
Frank The Plant
46%
Doctor Psycho
41%
Talia al Ghul
37%
Nora Freeze
34%
Sy
27%
No matching quizzes found
Score Distribution
Percent of People with Each Score
Percentile by Number Answered
Your Score History
You have not taken this quiz